000 00402cam a2200169 4500
001 D12378
008 090401t1924 xxu||||| |||| 00| 0 eng d
035 _a(Sirsi) u94124
041 _aeng
245 _aChaffer`s handbook to hall marks and gold and silver plate
250 _a5th
260 _bReeves and Turner
_c1924
350 _a0
520 _aShelf 114
942 _n0
948 _c04/03/1997
999 _c97907
_d97907